000 05369nam a22005297a 4500
008 081016t xxu||||| |||| 00| 0 eng d
010 _aENG-91345
020 _a9788121930673
_c100.00
020 _a8121930677
_c100.00
035 _aEN-74878
035 _aB-369672-691
037 _bDBAD / PUB
037 _bS. Chand
040 _adpl
_bEnglish
082 _a658.81
100 _aRajkumar, S.
245 _aSales and advertisement management /
_cby S. Rajkumar [and] V. Rajagopalan
260 _aNew Delhi
_bS. Chand
_c2009
270 _a7361, Ram Nagar
_bNew Delhi
_e110055
300 _a182p.
_c25cm (pbk)
650 _aSales management
650 _aAdvertising
700 _aRajagopalan, V.
942 _2ddc
_cEN
_mRAJ
_h658.81
999 _c16824
_d16824